| 000 | 00546nam a2200157 i 4500 | ||
|---|---|---|---|
| 001 | 151946 | ||
| 003 | ES-MaACL | ||
| 005 | 20230906204449.0 | ||
| 008 | 931025s1840 sp |||| | spa d | ||
| 080 | _a821.134.2-14"18" | ||
| 100 | 1 |
_aBermúdez de Castro y Díez, Salvador. _928142 |
|
| 245 | 1 | 0 |
_aEnsayos poéticos / _cde Salvador Bermudez de Castro. |
| 260 |
_aMadrid : _bGabinete Literario, _c1840 ( _fEstab. Tip. Calle del Sordo, n. 11) |
||
| 300 |
_a381 p. ; _c21 cm. |
||
| 852 |
_aES-MaACL _jG-1227 _z-- Rust. _q-- Falto de las pag. 17 a 81 |
||
| 999 |
_c151946 _d151946 |
||